| 000 | 01238nam a22003371 4500 | ||
|---|---|---|---|
| 001 | 26013 | ||
| 003 | BD-RjUL | ||
| 005 | 20211209050947.0 | ||
| 008 | 140320s1950 mau b 001 0 eng | ||
| 035 | _a(BD-RjUL)26083 | ||
| 035 | _a(OCoLC)311063 | ||
| 040 |
_aDLC _cODaWU _dOCoLC _dDCHS _dDLC _dBD-RjUL _beng |
||
| 041 | 1 |
_aenggrc _hgrc |
|
| 051 |
_aPA3966 _b.A3 1937 _cCopy 2. |
||
| 082 |
_a888.9 _bDIR V-7 1950 |
||
| 100 | 0 |
_aDionysius, _979913 |
|
| 245 | 1 | 4 |
_aThe Roman antiquities of Dionysius of Halicarnassus / _cwith an English translation by Earnest Cary, on the basis of the version of Edward Spelman. _nVII |
| 260 |
_aCambridge, Mass. ; _bHarvard University Press ; _aLondon : _bW. Heinemann, _c1950. |
||
| 300 |
_a7 v. _c17 cm. |
||
| 504 | _aBibliography: v. 1, p. xlvii. and index. | ||
| 651 | 0 |
_aRome _xHistory. _979929 |
|
| 651 | 0 |
_aRome _xAntiquities _vEarly works to 1800. _979916 |
|
| 651 | 0 |
_aRome _xPolitics and government _vEarly works to 1800. _979917 |
|
| 700 | 1 |
_aCary, Earnest, _d1879- _977900 |
|
| 700 | 1 |
_aSpelman, Edward, _d-1767. _979918 |
|
| 942 |
_2ddc _cBK |
||
| 999 |
_c26013 _d26013 |
||